[Event "Torneo First Saturday GM Luglio"]
[Site "Budapest HUN"]
[Date "1995.07.??"]
[Round "8"]
[White "Gonzalez Garcia, Jose'"]
[Black "Godena, Michele"]
[WhiteElo "2375"]
[BlackElo "2420"]
[Result "1/2-1/2"]
[PlyCount "89"]
[EventDate "1995.07.??"]

1. d4 d5 2. c4 e6 3. Nf3 c6 4. Qc2 Nf6 5. Nbd2 Nbd7 6. e4 dxe4 7. Nxe4 Nxe4 8.
Qxe4 Bb4+ 9. Bd2 Bxd2+ 10. Nxd2 c5 11. dxc5 Qc7 12. c6 bxc6 13. Be2 Rb8 14. b3
c5 15. O-O Bb7 16. Qe3 Qe5 17. Qxe5 Nxe5 18. f4 Rd8 19. Rad1 Nd3 20. Nb1 Nb4
21. Rxd8+ Kxd8 22. Nc3 Ke7 23. Rd1 Nc2 24. Kf2 Nd4 25. Bd3 Bc6 26. Be4 Bd7 27.
g3 Rb8 28. Bg2 f5 29. Ne2 Nxe2 30. Kxe2 Rb6 31. Ke3 a5 32. Rb1 h6 33. Kd3 g5
34. Kc3 Rb8 35. a3 Rb6 36. b4 axb4+ 37. axb4 Rxb4 38. Rxb4 cxb4+ 39. Kxb4 gxf4
40. gxf4 e5 41. fxe5 Ke6 42. c5 Kxe5 43. c6 Bxc6 44. Bxc6 Kf6 45. Kc5 1/2-1/2

[Event "Torneo First Saturday GM Luglio"]
[Site "Budapest HUN"]
[Date "1995.07.??"]
[Round "9"]
[White "Godena, Michele"]
[Black "Petrosian, Karen"]
[WhiteElo "2420"]
[BlackElo "2400"]
[Result "1-0"]
[PlyCount "135"]
[EventDate "1995.07.??"]

1. e4 c6 2. d4 d5 3. Nc3 dxe4 4. Nxe4 Nd7 5. Nf3 Ngf6 6. Nxf6+ Nxf6 7. c3 Bg4
8. Qd3 e6 9. Ne5 Bd6 10. Nxg4 Nxg4 11. Be2 Nf6 12. Bd2 Qc7 13. g3 O-O 14. O-O
e5 15. dxe5 Bxe5 16. Rad1 Rad8 17. Qc2 Rfe8 18. Bf3 Qc8 19. Be3 a6 20. Rxd8
Rxd8 21. Re1 h6 22. Bxh6 Bxg3 23. hxg3 gxh6 24. Kg2 Kg7 25. Qb3 Nh7 26. Qb4 Qf5
27. Be4 Qf6 28. Bxh7 Rd2 29. Rf1 Kxh7 30. Qxb7 Qe6 31. Qxa6 Rxb2 32. Qd3+ Kg7
33. Qd4+ Kh7 34. Qd3+ Kg7 35. Qd4+ Kh7 36. a4 Ra2 37. Rb1 c5 38. Qf4 Qd5+ 39.
Kh2 c4 40. Rb5 Qe6 41. a5 Qg6 42. Rf5 Kg8 43. Qxc4 Ra1 44. Qd5 Rd1 45. Qf3 Rd6
46. Kg2 Qe6 47. Rf4 Kf8 48. Qa8+ Kg7 49. Qe4 Qd7 50. Rg4+ Kf8 51. Qa8+ Ke7 52.
Re4+ Kf6 53. Qh8+ Kg6 54. Qg8+ Kf6 55. Rf4+ Ke6 56. Qg4+ Ke7 57. Re4+ Kf6 58.
Qxd7 Rxd7 59. a6 Ra7 60. Ra4 Ke5 61. Kf3 Kd5 62. Kg4 Kc5 63. c4 Kd4 64. Kh5 f5
65. Kxh6 Ke4 66. Kg5 Rg7+ 67. Kf6 Ra7 68. Ke6 1-0

[Event "Torneo First Saturday GM Luglio"]
[Site "Budapest HUN"]
[Date "1995.07.??"]
[Round "10"]
[White "McDonald, Neil R."]
[Black "Godena, Michele"]
[WhiteElo "2425"]
[BlackElo "2420"]
[Result "1-0"]
[PlyCount "77"]
[EventDate "1995.07.??"]

1. e4 c5 2. Nf3 Nc6 3. d4 cxd4 4. Nxd4 Nf6 5. Nc3 d6 6. Bg5 e6 7. Qd2 a6 8.
O-O-O h6 9. Be3 Ng4 10. Nxc6 bxc6 11. Bc5 d5 12. Bxf8 Kxf8 13. Qd4 e5 14. Qc5+
Qe7 15. Qxc6 Bb7 16. Qb6 d4 17. Nd5 Bxd5 18. exd5 Nxf2 19. Bc4 Nxd1 20. Kxd1
Rd8 21. Re1 g6 22. a4 Rd6 23. Qc5 Rf6 24. b4 Rd6 25. a5 Kg7 26. Bxa6 Qd7 27.
Bb5 Qg4+ 28. Kc1 Rhd8 29. Bc6 Qf4+ 30. Kb2 d3 31. a6 d2 32. Rd1 Rxc6 33. dxc6
Rd4 34. Kb3 Qe3+ 35. Qc3 Qe2 36. Rxd2 Rxd2 37. c7 Rd1 38. c8=Q Qe4 39. Q8c5 1-0

[Event "Torneo First Saturday GM Luglio"]
[Site "Budapest HUN"]
[Date "1995.07.??"]
[Round "11"]
[White "Godena, Michele"]
[Black "Gyimesi, Zoltan"]
[WhiteElo "2420"]
[BlackElo "2525"]
[Result "1/2-1/2"]
[PlyCount "82"]
[EventDate "1995.07.??"]

1. e4 e5 2. Nf3 Nc6 3. Bb5 a6 4. Bxc6 dxc6 5. O-O f6 6. d4 exd4 7. Nxd4 c5 8.
Nb3 Qxd1 9. Rxd1 Bg4 10. f3 Be6 11. Bf4 c4 12. Nd4 O-O-O 13. Nc3 Rxd4 14. Rxd4
Bc5 15. Rad1 Ne7 16. Kf1 Bxd4 17. Rxd4 Nc6 18. Rd2 Rd8 19. Ke2 b5 20. Rxd8+
Kxd8 21. Ke3 Nb4 22. Kd2 Kd7 23. a3 Nc6 24. Ke3 Nd8 25. Nd1 h5 26. h4 Bf7 27.
g4 hxg4 28. fxg4 Ne6 29. Bg3 Bg6 30. Bf2 Nc5 31. Nc3 c6 32. Kf3 Nb7 33. Ne2 Nd6
34. Ng3 Ke6 35. Nf5 Kd7 36. Bc5 Nxf5 37. exf5 Bh7 38. Bf8 g6 39. fxg6 Bxg6 40.
c3 a5 41. Kf4 Ke6 1/2-1/2

[Event "Torneo Internazionale"]
[Site "Makarska CRO"]
[Date "1995.06.??"]
[Round "1"]
[White "Zelic, Mladen"]
[Black "Marinelli, Tullio"]
[WhiteElo "2330"]
[BlackElo "2425"]
[Result "0-1"]
[PlyCount "82"]
[EventDate "1995.06.??"]

1. e4 c5 2. d4 cxd4 3. c3 Nf6 4. e5 Nd5 5. Nf3 e6 6. cxd4 d6 7. a3 Bd7 8. Bd3
Bc6 9. O-O Nd7 10. Ng5 dxe5 11. Nxe6 fxe6 12. Qh5+ Ke7 13. dxe5 h6 14. Bg6 N7b6
15. Nc3 Be8 16. Qh4+ Kd7 17. Bxe8+ Kxe8 18. Qh5+ Kd7 19. Be3 Nxc3 20. bxc3 Qe8
21. Rad1+ Kc7 22. Qg4 h5 23. Qf3 Be7 24. a4 Rf8 25. Qe4 Qc6 26. Qg6 h4 27. Qxg7
Rae8 28. Rd6 Qe4 29. Rxe6 Nc8 30. Re1 Qd5 31. Qg4 Rg8 32. Rd1 Qb3 33. Rd7+ Kxd7
34. Rxe7+ Kxe7 35. Bg5+ Kf8 36. Bh6+ Kf7 37. Qf5+ Ke7 38. Bg5+ Rxg5 39. Qxg5+
Kd7 40. Qg4+ Kc7 41. Qc4+ Qxc4 0-1

[Event "Torneo Internazionale"]
[Site "Makarska CRO"]
[Date "1995.06.??"]
[Round "2"]
[White "Dizdarevic, Emir"]
[Black "Marinelli, Tullio"]
[WhiteElo "2465"]
[BlackElo "2425"]
[Result "1-0"]
[PlyCount "85"]
[EventDate "1995.06.??"]

1. Nf3 Nf6 2. c4 b6 3. g3 Bb7 4. Bg2 e6 5. O-O Be7 6. b3 O-O 7. Bb2 d6 8. Nc3
Nbd7 9. e3 Ne4 10. Ne2 c5 11. Qc2 Qc7 12. Rac1 Rac8 13. d3 Ng5 14. Nd2 Bxg2 15.
Kxg2 h6 16. f4 Nh7 17. Nf3 Bf6 18. Nc3 Rfd8 19. g4 Ndf8 20. h4 g6 21. g5 Bg7
22. Ne4 Bxb2 23. Qxb2 h5 24. Ng3 d5 25. cxd5 Rxd5 26. d4 Qb7 27. e4 Rdd8 28.
dxc5 bxc5 29. Qc3 Qa6 30. Rf2 Rd3 31. Qc4 Qxc4 32. Rxc4 a5 33. Ne5 Rd4 34. Rfc2
Rxc4 35. Nxc4 Ra8 36. a4 Nd7 37. Rd2 Nhf8 38. e5 Ra7 39. Ne4 Rb7 40. Rd3 Rb4
41. Kf3 Nb6 42. Nxb6 Rxb6 43. Nxc5 1-0

[Event "Torneo Internazionale"]
[Site "Makarska CRO"]
[Date "1995.06.??"]
[Round "3"]
[White "Marinelli, Tullio"]
[Black "Kovacevic, Vlatko"]
[WhiteElo "2425"]
[BlackElo "2520"]
[Result "1-0"]
[PlyCount "81"]
[EventDate "1995.06.??"]

1. d4 Nf6 2. c4 e6 3. Nc3 Bb4 4. e3 d5 5. Bd3 O-O 6. Nf3 Nc6 7. O-O a6 8. a3
dxc4 9. Bxc4 Bd6 10. e4 e5 11. d5 Ne7 12. Re1 Ng6 13. Bf1 h6 14. b4 Bd7 15. Ra2
Qe7 16. g3 Rfd8 17. Qb3 Nh7 18. h4 Nf6 19. Nh2 b5 20. Bd2 Nf8 21. Rc2 N8h7 22.
Bg2 c5 23. dxc6 Bxc6 24. Nd5 Qb7 25. Nf1 Nxd5 26. exd5 Bd7 27. Be3 Rac8 28.
Rec1 Rxc2 29. Qxc2 Nf6 30. Bc5 Ne8 31. Ne3 g6 32. h5 g5 33. Be4 Rc8 34. Bh7+
Kh8 35. Bf5 Nf6 36. Bxd7 Nxd7 37. Qf5 Kg7 38. Rc2 Bf8 39. Bxf8+ Kxf8 40. Rxc8+
Qxc8 41. Qh7 1-0

[Event "Torneo Internazionale"]
[Site "Makarska CRO"]
[Date "1995.06.??"]
[Round "4"]
[White "Cebalo, Miso"]
[Black "Marinelli, Tullio"]
[WhiteElo "2570"]
[BlackElo "2425"]
[Result "1/2-1/2"]
[PlyCount "139"]
[EventDate "1995.06.??"]

1. d4 Nf6 2. Nf3 e6 3. c4 b6 4. a3 Be7 5. Nc3 d5 6. cxd5 exd5 7. Bf4 O-O 8. e3
c5 9. Ne5 Bb7 10. Be2 cxd4 11. exd4 Nc6 12. O-O Rc8 13. Rc1 a6 14. Re1 b5 15.
Bf3 h6 16. h3 Re8 17. Ng4 Nxg4 18. Bxg4 Ra8 19. Bf3 Na5 20. Nxd5 Bxd5 21. Bc7
Qd7 22. Bxa5 Bxf3 23. Qxf3 Bf6 24. Bb6 Rxe1+ 25. Rxe1 Rc8 26. b4 Rc4 27. Rd1
Kh7 28. d5 Qb7 29. Qf5+ Kg8 30. Bc5 Bc3 31. d6 g6 32. Qd5 Qd7 33. g3 Bf6 34.
Kg2 Kg7 35. Re1 h5 36. Re3 h4 37. g4 Bd8 38. Bd4+ Kg8 39. Qe5 Qc6+ 40. Kh2 f6
41. Qe8+ Qxe8 42. Rxe8+ Kf7 43. Rxd8 Rxd4 44. d7 Ke7 45. Ra8 Kxd7 46. Rxa6 Rf4
47. Kg2 Kc7 48. f3 g5 49. Kf2 Kd7 50. Ke3 Ke7 51. Rc6 f5 52. gxf5 Rxf5 53. Rc5
Ke6 54. Rxf5 Kxf5 55. Kd4 Kf4 56. a4 bxa4 57. b5 a3 58. Kc3 Kxf3 59. b6 g4 60.
b7 a2 61. Kb2 g3 62. b8=Q Kg2 63. Qf4 Kxh3 64. Kxa2 g2 65. Qf3+ Kh2 66. Qf2 h3
67. Kb2 Kh1 68. Qf3 Kh2 69. Qf4+ Kh1 70. Qf3 1/2-1/2

[Event "Torneo Internazionale"]
[Site "Makarska CRO"]
[Date "1995.06.??"]
[Round "5"]
[White "Marinelli, Tullio"]
[Black "Grosar, Aljosa"]
[WhiteElo "2425"]
[BlackElo "2475"]
[Result "1-0"]
[PlyCount "117"]
[EventDate "1995.06.??"]

1. d4 Nf6 2. c4 e6 3. Nc3 Bb4 4. e3 b6 5. Bd3 Bb7 6. Nf3 Ne4 7. Qc2 f5 8. O-O
Bxc3 9. bxc3 O-O 10. Nd2 Qh4 11. f3 Ng5 12. Rf2 Rf6 13. f4 Nf7 14. e4 Nh6 15.
Nf3 Qh5 16. h3 fxe4 17. Bxe4 Bxe4 18. Qxe4 d5 19. Qe5 Qxe5 20. fxe5 Rf8 21.
cxd5 exd5 22. Ba3 Rf4 23. g3 Rf5 24. Raf1 Nd7 25. g4 Rf4 26. e6 Nf6 27. Bc1 Re4
28. Bxh6 Rxe6 29. Bd2 Ne4 30. Ng5 Nxf2 31. Nxe6 Ne4 32. Be1 c6 33. Nf4 Re8 34.
Nd3 Ng5 35. h4 Ne4 36. Rf3 c5 37. Re3 Rf8 38. Nf2 Nd6 39. Kg2 h5 40. Re5 Nc4
41. Re7 hxg4 42. Nxg4 cxd4 43. cxd4 Rf4 44. Kg3 Rf1 45. Bf2 Ra1 46. Rxa7 b5 47.
Ne3 Nd2 48. Nxd5 Rf1 49. Kg2 Rb1 50. Re7 Nc4 51. Re2 b4 52. Re8+ Kf7 53. Rb8
Ke6 54. Rxb4 Rc1 55. Ne3 Nxe3+ 56. Bxe3 Rc2+ 57. Kf3 Rxa2 58. Rb6+ Kf7 59. Ke4
1-0

[Event "Torneo Internazionale"]
[Site "Makarska CRO"]
[Date "1995.06.??"]
[Round "6"]
[White "Sermek, Drazen"]
[Black "Marinelli, Tullio"]
[WhiteElo "2515"]
[BlackElo "2425"]
[Result "1-0"]
[PlyCount "55"]
[EventDate "1995.06.??"]

1. e4 c5 2. c3 Nf6 3. e5 Nd5 4. d4 cxd4 5. Nf3 e6 6. cxd4 d6 7. Bc4 dxe5 8.
dxe5 Bb4+ 9. Bd2 Be7 10. Qe2 Nb6 11. Bd3 Na6 12. Nc3 Nc5 13. Bc2 Bd7 14. O-O
Rc8 15. Be3 Qc7 16. Rac1 Qb8 17. Rfd1 h6 18. Bf4 a6 19. Nd4 Nca4 20. Nxa4 Bxa4
21. b3 Nd5 22. bxa4 Nxf4 23. Qe4 Nd5 24. Nxe6 Nc3 25. Nxg7+ Kf8 26. Ne6+ Ke8
27. Qf5 Rg8 28. Qh7 1-0

[Event "Torneo Internazionale"]
[Site "Makarska CRO"]
[Date "1995.06.??"]
[Round "7"]
[White "Marinelli, Tullio"]
[Black "Bezold, Michael"]
[WhiteElo "2425"]
[BlackElo "2495"]
[Result "0-1"]
[PlyCount "84"]
[EventDate "1995.06.??"]

1. d4 d6 2. c4 e5 3. Nf3 e4 4. Ng5 f5 5. Nc3 c6 6. d5 Be7 7. Nh3 Nf6 8. e3 a5
9. Be2 Nbd7 10. Nf4 Nc5 11. Na4 Nxa4 12. Qxa4 Bd7 13. dxc6 bxc6 14. Bd2 O-O 15.
Bc3 g5 16. Nh3 Ne8 17. Qc2 Bf6 18. O-O-O h6 19. f4 exf3 20. gxf3 Qe7 21. Kb1
Qxe3 22. Rd3 Qe7 23. f4 Bxc3 24. Rxc3 g4 25. Nf2 Ng7 26. Qd2 Rfe8 27. Bd1 c5
28. Rd3 Ra6 29. Qc3 h5 30. Bc2 a4 31. a3 Rb6 32. Nd1 Bc6 33. Re3 Qf7 34. Rhe1
Rbb8 35. Rxe8+ Rxe8 36. Rxe8+ Qxe8 37. Ne3 Qe6 38. Qd2 h4 39. Nd5 Bxd5 40. cxd5
Qg6 41. Bd1 g3 42. hxg3 Qxg3 0-1

[Event "Torneo Internazionale"]
[Site "Makarska CRO"]
[Date "1995.06.??"]
[Round "8"]
[White "Cvorovic, Drazen"]
[Black "Marinelli, Tullio"]
[WhiteElo "2425"]
[BlackElo "2425"]
[Result "1-0"]
[PlyCount "73"]
[EventDate "1995.06.??"]

1. d4 Nf6 2. Nf3 e6 3. a3 b5 4. Bg5 Bb7 5. Nbd2 Be7 6. e3 a6 7. Bd3 c5 8. c3 h6
9. Bxf6 gxf6 10. e4 Qc7 11. O-O Nc6 12. Re1 h5 13. Bf1 h4 14. a4 b4 15. d5 Na5
16. Rc1 Qb6 17. Qe2 O-O-O 18. cxb4 Qxb4 19. Qd3 Kb8 20. b3 Rh5 21. d6 Bf8 22.
Nc4 Ka7 23. Nxa5 Qxa5 24. Nd2 Bh6 25. Nc4 Qb4 26. Ra1 a5 27. Na3 Bd2 28. Re2
Bf4 29. Nb5+ Kb8 30. Rae1 Rg5 31. Qf3 Be5 32. Rc1 f5 33. Rc4 Bxe4 34. Rexe4
fxe4 35. Qe3 Qxc4 36. bxc4 f6 37. Qd2 1-0

[Event "Torneo Internazionale"]
[Site "Makarska CRO"]
[Date "1995.06.??"]
[Round "9"]
[White "Marinelli, Tullio"]
[Black "Stevic, Hrvoje"]
[WhiteElo "2425"]
[BlackElo "2300"]
[Result "1-0"]
[PlyCount "81"]
[EventDate "1995.06.??"]

1. d4 Nf6 2. c4 g6 3. Nc3 Bg7 4. e4 d6 5. f3 O-O 6. Be3 c5 7. Nge2 Nc6 8. Qd2
e6 9. Rd1 b6 10. Qc1 Ba6 11. b3 Qe7 12. d5 exd5 13. exd5 Ne5 14. h3 Rfe8 15.
Kf2 h5 16. Ng3 Nh7 17. Nge4 Nd7 18. Bd3 f5 19. Ng5 Qxe3+ 20. Qxe3 Rxe3 21. Kxe3
Nxg5 22. Ne2 Bh6 23. Kf2 Ne5 24. a4 h4 25. Bb1 Nh7 26. g3 hxg3+ 27. Nxg3 Nf6
28. h4 Bf4 29. Ne2 Nh5 30. Nxf4 Nxf4 31. Rdg1 Kf7 32. h5 Nxh5 33. Bxf5 Ng7 34.
Bc2 Nf5 35. f4 Nd7 36. Bxf5 gxf5 37. Rh7+ Ke8 38. Rg8+ Nf8 39. Rxf8+ Kxf8 40.
Rh8+ Kg7 41. Rxa8 1-0

[Event "Torneo Internazionale"]
[Site "Makarska CRO"]
[Date "1995.06.??"]
[Round "10"]
[White "Loncar, Robert"]
[Black "Marinelli, Tullio"]
[WhiteElo "2385"]
[BlackElo "2425"]
[Result "1/2-1/2"]
[PlyCount "29"]
[EventDate "1995.06.??"]

1. e4 c5 2. Nc3 d6 3. Nge2 Nf6 4. d4 cxd4 5. Nxd4 a6 6. Be3 e5 7. Nb3 Be7 8.
Qd2 Be6 9. f3 Nbd7 10. O-O-O Qc7 11. g4 Nb6 12. Bxb6 Qxb6 13. Nd5 Bxd5 14. exd5
O-O 15. Kb1 1/2-1/2